Der kleinen Stadt Refrain : Prosa, Briefe und Gedichte /
Max Herrmann-Neisse (1886-1941), escritor polaco en lengua alemana procedente de Silesia. Realizó estudios superiores en literatura y en historia del arte, para dedicarse al periodismo y a la escritura en Berlín. Bajo la influencia del expresionismo participó en la revista Die Aktion; cercano a esta...
Guardat en:
| Autor principal: | |
|---|---|
| Format: | Llibre |
| Idioma: | German |
| Publicat: |
Berlín, Alemania :
Der Morgen Berlin,
1984, c1984
|
| Matèries: | |
| Etiquetes: |
Sense etiquetes, Sigues el primer a etiquetar aquest registre!
|
MARC
| LEADER | 00000nam^a2200000^a^4500 | ||
|---|---|---|---|
| 001 | 000305354 | ||
| 005 | 20250521000000.0 | ||
| 009 | 20260310112746.167 | ||
| 037 | |a Acervo ITESO - Biblioteca | ||
| 041 | |a ALE | ||
| 082 | |a 891. 85 |b HER | ||
| 100 | |a Herrmann-Neisse, Max |e (autor) | ||
| 245 | 1 | 4 | |a Der kleinen Stadt Refrain : |b Prosa, Briefe und Gedichte / |c M. Herrmann-Neisse ; ed. y epílogo de Helga Bemmann. |
| 264 | 4 | |a Berlín, Alemania : |b Der Morgen Berlin, |c 1984, c1984 | |
| 300 | |a 354 p. | ||
| 336 | |a texto |b txt |2 rdacontenido | ||
| 337 | |a sin mediación |b n |2 rdamedio | ||
| 338 | |a volumen |b nc |2 rdasoporte | ||
| 520 | |a Max Herrmann-Neisse (1886-1941), escritor polaco en lengua alemana procedente de Silesia. Realizó estudios superiores en literatura y en historia del arte, para dedicarse al periodismo y a la escritura en Berlín. Bajo la influencia del expresionismo participó en la revista Die Aktion; cercano a esta corriente, su obra refleja su sentimiento de aislamiento, particularmente después de salir de Alemania en 1933, perseguido por el régimen nazista; su poesía, por otro lado, sigue los cánones tradicionales en forma y ritmo. Es autor, entre otros, de los libros de poesía: Empörung, Andacht, Ewigkeit; Im Stern des Schmerzes; Einsame Stimme; Um uns die Fremde; Letzte Gedichte; la obra teatral Joseph der Sieger; las novelas Cajetan Schaltermann y Der Flüchtling. En 1927 recibió el premio Eichendorff y en 1933 Hauptmann. | ||
| 649 | |a XX | ||
| 650 | |a Cuentos Polacos | ||
| 650 | |a Cartas Polacas | ||
| 650 | |a Poesía Polaca | ||
| 650 | |a Literatura Polaca - |y Siglo XX | ||
| 650 | |a Literatura en Alemán - |z Polonia | ||
| 910 | |a Fondo General | ||
| 920 | |a Impresos - Libros | ||
| 930 | |a Colección General | ||
| 940 | |a Literatura | ||
| 905 | |a 101 | ||
| 901 | |a 0500191499 |b IT1 |c LIT |i D53826 |u 20250521 | ||
| 902 | |a https://opac.biblio.iteso.mx/vufind/Record/000305354 | ||